|
|
|
|
| LEADER |
00000cam a2200000 7i4500 |
| 001 |
0000000343 |
| 005 |
20020123.0 |
| 020 |
0 |
0 |
|a 983992771X
|
| 090 |
0 |
0 |
|a R321.8709595
|b NIK 1997
|
| 100 |
0 |
0 |
|a NIK Abdul Rashid bin Nik Abdul Majid
|f Dato'
|
| 245 |
1 |
2 |
|a A century of the Conference of Ruler :
|b 1897-1997
|c Nik Abdul Rashid bin Abdul Majid
|
| 260 |
0 |
0 |
|a Kuala Lumpur :
|b Office of the Keeper of the Rulers' Seal ,
|c 1997
|
| 300 |
|
|
|a vi, 211 p. :
|b col. ill. ;
|c 30 cm.
|
| 500 |
0 |
0 |
|a Bibliography: [p. 211]
|
| 650 |
0 |
0 |
|a Malaysia
|x Constitutional law
|
| 650 |
0 |
0 |
|a Monarchy
|z Malaysia
|
| 651 |
0 |
0 |
|a Malaya
|x Kings and rulers
|x Congresses
|
| 651 |
0 |
0 |
|a Malaysia
|x Kings and rulers
|x Congresses
|
| 998 |
|
|
|a JPSM
|
| 999 |
|
|
|a 0000001580
|b Monograph
|c Reference
|e Default branch
|